000 00838nam a22002657a 4500
003 OSt
005 20260114121206.0
008 210310b 2020 abc 00| 0 spa d
020 _a9789945926408
040 _aDO-SdBNP
_bspa
_cBNPHU
082 4 _a170
_bM294e, 2020
_222
245 0 0 _aManual de ética, moral, cívica y algo más...
250 _a2a. ed.
260 _aSanto Domingo :
_bDefensor del Pueblo,
_c2020.
300 _a96 p. :
_bil., mapas, retrs. ;
_c22 cm.
500 _aIncluye referencias bibliográficas y notas al pie de las páginas.
504 _aBibliografía : p. 95-96
590 _aInventariado, 2021 / DG
650 0 _aÉtica
_9509
650 4 _aConducta (Ética)
_93218
650 0 _aDerecho civil
_95702
650 0 _aEducación cívica
_91206
910 _aValidado. Control de calidad MFF
942 _2ddc
_cLBS1
999 _c49530
_d49530